[Event "MPL-1 Indian Chess Tour 2022"]
[Site "Online"]
[Date "2022.03.31"]
[Round "1.8"]
[White "Gukesh D"]
[Black "raunaksadhwani"]
[Result "1-0"]
[WhiteElo "2614"]
[BlackElo "2005"]
[Annotator "RC"]
[PlyCount "85"]
[EventDate "2022.03.30"]
[EventType "tourn"]
[EventCountry "NET"]
[SourceTitle "playchess.com"]
[Source "ChessBase"]
[SourceQuality "1"]
[TimeControl "5400+30"]

1. d4 {[%emt 1:15:40]} Nf6 {[%emt 1:15:40]} 2. c4 {[%emt 0:00:24]} e6 {[%emt 0:00:22]} 3. Nf3 {[%emt 0:00:23]} d5 {[%emt 0:00:21]} 4. Nc3 {[%emt 0:00:23]} Bb4 {[%emt 0:00:21]} 5. Qb3 {[%emt 0:00:41]} c5 {[%emt 0:00:29]} 6. dxc5 {[%emt 0:00:22]} Na6 {[%emt 0:00:28]} 7. a3 {[%emt 0:02:15]} Bxc3+ {[%emt 0:00:23]} 8. Qxc3 {[%emt 0:00:21]} Nxc5 {[%emt 0:00:20]} 9. b4 {[%emt 0:01:59]} Nce4 {[%emt 0:00:55]} 10. Qd4 {[%emt 0:00:22]} O-O {[%emt 0:02:48]} 11. cxd5 {[%emt 0:00:55]} Qxd5 {[%emt 0:01:52]} 12. Qxd5 {[%emt 0:00:32]} exd5 {[%emt 0:00:58]} 13. Nd4 {[%emt 0:00:48]} Bd7 {[%emt 0:01:13]} 14. f3 {[%emt 0:02:26]} Nd6 {[%emt 0:00:31]} 15. e3 {[%emt 0:01:17]} Nf5 {[%emt 0:02:03]} 16. Nxf5 {[%emt 0:04:02]} Bxf5 {[%emt 0:00:20]} 17. g4 {[%emt 0:00:21]} Bg6 {[%emt 0:00:37]} 18. Bb2 {[%emt 0:00:29]} Rac8 {[%emt 0:01:03]} 19. Rg1 {[%emt 0:00:22]} Nd7 {[%emt 0:05:27]} 20. h4 {[%emt 0:01:25]} f6 {[%emt 0:00:57]} 21. h5 {[%emt 0:01:09]} Bf7 {[%emt 0:00:22]} 22. Bd4 {[%emt 0:00:56]} Ne5 {[%emt 0:01:50]} 23. Be2 {[%emt 0:00:21]} Nc6 {[%emt 0:00:21]} 24. Bb2 {[%emt 0:01:36]} d4 {[%emt 0:00:25]} 25. b5 {[%emt 0:00:23]} Na5 {[%emt 0:00:29]} 26. Bxd4 {[%emt 0:00:38]} Nb3 {[%emt 0:00:51]} 27. Rd1 {[%emt 0:00:22]} Nxd4 {[%emt 0:00:27]} 28. Rxd4 {[%emt 0:00:21]} Rc3 {[%emt 0:00:38]} 29. Kf2 {[%emt 0:01:54]} Rxa3 {[%emt 0:00:25]} 30. Rc1 {[%emt 0:00:21]} f5 {[%emt 0:01:46]} 31. gxf5 {[%emt 0:01:13]} Bxh5 {[%emt 0:00:21]} 32. Rc7 {[%emt 0:00:21]} Ra2 {[%emt 0:00:31]} 33. e4 {[%emt 0:00:28]} g5 {[%emt 0:01:09]} 34. Ke3 {[%emt 0:01:04]} Ra3+ {[%emt 0:00:21]} 35. Bd3 {[%emt 0:00:27]} Rf7 {[%emt 0:00:41]} 36. Rxf7 {[%emt 0:00:31]} Kxf7 {[%emt 0:00:20]} 37. e5 {[%emt 0:00:22]} Ke7 {[%emt 0:00:20]} 38. Ke4 {[%emt 0:00:32]} Bf7 {[%emt 0:00:33]} 39. Bc4 {[%emt 0:00:54]} Bh5 {[%emt 0:00:33]} 40. f6+ {[%emt 0:00:34]} Ke8 {[%emt 0:00:21]} 41. e6 {[%emt 0:00:23]} Rxf3 {[%emt 0:00:21]} 42. f7+ {[%emt 0:00:24]} Kf8 {[%emt 0:00:47]} 43. Rd8+ {[%emt 0:00:21]} 1-0

[Event "MPL-1 Indian Chess Tour 2022"]
[Site "Online"]
[Date "2022.03.31"]
[Round "2.1"]
[White "Sethuraman, S.P."]
[Black "Sadhwani, Raunak"]
[Result "0-1"]
[WhiteElo "2619"]
[BlackElo "2616"]
[Annotator "ChessBase"]
[PlyCount "110"]
[EventDate "2022.03.30"]
[EventType "tourn"]
[EventCountry "NET"]
[SourceTitle "playchess.com"]
[Source "ChessBase"]
[SourceQuality "1"]
[TimeControl "5400+30"]

1. d4 {[%emt 1:15:40]} Nf6 {[%emt 1:15:40]} 2. c4 {[%emt 0:00:23]} e6 {[%emt 0:00:23]} 3. Nc3 {[%emt 0:00:21]} Bb4 {[%emt 0:00:21]} 4. Qc2 {[%emt 0:00:21]} Nc6 {[%emt 0:00:53]} 5. e3 {[%emt 0:00:27]} a5 {[%emt 0:00:33]} 6. Bd3 {[%emt 0:00:26]} d6 {[%emt 0:00:32]} 7. Nge2 {[%emt 0:00:22]} e5 {[%emt 0:00:49]} 8. O-O {[%emt 0:00:45]} Bxc3 {[%emt 0:00:49]} 9. bxc3 {[%emt 0:00:21]} O-O {[%emt 0:00:43]} 10. e4 {[%emt 0:00:29]} Re8 {[%emt 0:01:08]} 11. f4 {[%emt 0:00:35]} exd4 {[%emt 0:00:29]} 12. Nxd4 {[%emt 0:01:16]} Bd7 {[%emt 0:00:31]} 13. Bd2 {[%emt 0:00:35]} h6 {[%emt 0:01:22]} 14. Rae1 {[%emt 0:00:25]} Re7 {[%emt 0:00:30]} 15. c5 {[%emt 0:02:14]} dxc5 {[%emt 0:01:16]} 16. Nxc6 {[%emt 0:00:36]} Bxc6 {[%emt 0:00:20]} 17. e5 {[%emt 0:00:21]} Rd7 {[%emt 0:00:25]} 18. exf6 {[%emt 0:01:38]} Rxd3 {[%emt 0:00:23]} 19. Be3 {[%emt 0:01:58]} Qd7 {[%emt 0:04:31]} 20. f5 {[%emt 0:00:54]} Re8 {[%emt 0:02:34]} 21. Qf2 {[%emt 0:00:25]} Qd5 {[%emt 0:02:35]} 22. c4 {[%emt 0:03:08]} Qxg2+ {[%emt 0:00:39]} 23. Qxg2 {[%emt 0:00:21]} Bxg2 {[%emt 0:00:20]} 24. Bxh6 {[%emt 0:03:31]} Rxe1 {[%emt 0:00:22]} 25. Rxe1 {[%emt 0:00:23]} gxh6 {[%emt 0:00:24]} 26. Kxg2 {[%emt 0:00:24]} Rd6 {[%emt 0:00:22]} 27. Re7 {[%emt 0:00:46]} Rxf6 {[%emt 0:00:35]} 28. Rxc7 {[%emt 0:00:22]} b6 {[%emt 0:01:14]} 29. Rb7 {[%emt 0:00:21]} Kg7 {[%emt 0:00:26]} 30. Kg3 {[%emt 0:00:34]} Rd6 {[%emt 0:00:21]} 31. Kf4 {[%emt 0:01:51]} Kf6 {[%emt 0:02:41]} 32. Kf3 {[%emt 0:01:29]} h5 {[%emt 0:00:58]} 33. Kg3 {[%emt 0:01:33]} Kxf5 {[%emt 0:00:51]} 34. Rxf7+ {[%emt 0:00:24]} Ke4 {[%emt 0:00:26]} 35. Kh4 {[%emt 0:00:31]} Rd2 {[%emt 0:00:38]} 36. Re7+ {[%emt 0:00:30]} Kf5 {[%emt 0:00:22]} 37. h3 {[%emt 0:00:35]} Rxa2 {[%emt 0:00:22]} 38. Kxh5 {[%emt 0:00:31]} Ra4 {[%emt 0:00:21]} 39. Rb7 {[%emt 0:00:30]} Rb4 {[%emt 0:00:21]} 40. h4 {[%emt 0:00:27]} a4 {[%emt 0:00:21]} 41. Rb8 {[%emt 0:00:22]} a3 {[%emt 0:01:05]} 42. Ra8 {[%emt 0:00:22]} Rxc4 {[%emt 0:00:29]} 43. Rxa3 {[%emt 0:00:22]} b5 {[%emt 0:00:21]} 44. Rf3+ {[%emt 0:00:44]} Rf4 {[%emt 0:01:06]} 45. Rd3 {[%emt 0:00:47]} Ke5 {[%emt 0:00:26]} 46. Kg5 {[%emt 0:00:23]} Rf8 {[%emt 0:00:26]} 47. Kg6 {[%emt 0:00:48]} c4 {[%emt 0:00:28]} 48. Rd7 {[%emt 0:00:39]} b4 {[%emt 0:00:33]} 49. h5 {[%emt 0:00:35]} c3 {[%emt 0:00:32]} 50. h6 {[%emt 0:00:29]} c2 {[%emt 0:00:39]} 51. Rc7 {[%emt 0:00:24]} b3 {[%emt 0:00:24]} 52. Kg7 {[%emt 0:00:22]} Rb8 {[%emt 0:00:36]} 53. h7 {[%emt 0:00:22]} b2 {[%emt 0:00:27]} 54. Rxc2 {[%emt 0:00:24]} b1=Q {[%emt 0:00:22]} 55. Re2+ {[%emt 0:00:24]} Kf4 {[%emt 0:00:28]} 0-1

[Event "MPL-1 Indian Chess Tour 2022"]
[Site "Online"]
[Date "2022.03.31"]
[Round "2.1"]
[White "Sethuraman, S.P."]
[Black "raunaksadhwani"]
[Result "0-1"]
[WhiteElo "2619"]
[BlackElo "2005"]
[Annotator "TA"]
[PlyCount "110"]
[EventDate "2022.03.30"]
[EventType "tourn"]
[EventCountry "NET"]
[SourceTitle "playchess.com"]
[Source "ChessBase"]
[SourceQuality "1"]

{[%evp 9,110,33,42,37,71,71,62,76,51,60,63,50,77,40,75,72,81,97,83,82,107,44,56,-98,-95,-81,-87,-100,-97,-95,-80,-73,-72,-77,-68,-116,-99,-95,-104,-136,-130,-143,-144,-149,-129,-220,-216,-216,-229,-207,-199,-202,-206,-237,-230,-311,-311,-487,-536,-622,-606,-924,-920,-848,-808,-960,-1001,-832,-502,-513,-475,-402,-12,-983,-575,-1509,-1470,-1411,-1147,-2130,-2004,-2883,-596,-5081,-4602,-12811,-12808,-9935,-4409,-29972,-4618,-29985,-29986,-29986,-29987,-29987,-29988,-29988,-29989,-29989,-29990,-29990,-29991]} 1. d4 Nf6 2. c4 e6 {[%cal Be7e6,Be6e5][%mdl 32]} 3. Nc3 Bb4 4. Qc2 Nc6 5. e3 a5 {[#]} 6. Bd3 $146 {E33: Nimzo-Indian: Classical: 4...Nc6.} ({Predecessor:} 6. Nge2 d5 7. cxd5 Nxd5 8. a3 Nxc3 9. Nxc3 Bd6 10. f4 g5 11. fxg5 Qxg5 12. Ne4 Qh6 {1-0 (22) Smirnov,P (2566)-Mikhalchenko,P (2382) Tomsk 2011}) 6... d6 7. Nge2 e5 8. O-O {White is slightly better.} Bxc3 9. bxc3 O-O 10. e4 Re8 {[%cal Bf8e8,Be8e7,Be7d7,Bd7d3][%mdl 32]} 11. f4 exd4 12. Nxd4 Bd7 13. Bd2 h6 14. Rae1 Re7 15. c5 (15. Bc1 $16) 15... dxc5 $14 16. Nxc6 (16. Nf3 $14 {keeps the upper hand.}) 16... Bxc6 $17 17. e5 {[#]} Rd7 $1 18. exf6 (18. Be3 Rxd3) 18... Rxd3 19. Be3 Qd7 20. f5 Re8 21. Qf2 Qd5 $36 {[%mdl 2048] White is under pressure.} (21... gxf6 22. Bxh6 Rxe1 23. Rxe1 $11) (21... Rxc3 $2 22. Qg3 g5 23. fxg6 Rexe3 24. gxf7+ Kxf7 25. Qg7+ Ke6 26. f7 $18) 22. c4 {[#]} (22. Qg3 $1 $15 Qxg2+ 23. Qxg2 Bxg2 24. Bxc5) 22... Qxg2+ $1 {[%mdl 512]} 23. Qxg2 Bxg2 24. Bxh6 Rxe1 {Black is more active.} 25. Rxe1 {Threatening mate with Re8+.} gxh6 26. Kxg2 {[%mdl 4096] Endgame KR-KR} Rd6 27. Re7 (27. Re8+ $17 Kh7 28. Re7) 27... Rxf6 $19 28. Rxc7 {[#]} b6 ({Stronger than} 28... Rxf5 29. Rxb7 Rf4 30. Rb5 $17) 29. Rb7 Kg7 30. Kg3 Rd6 ({Inferior is} 30... Rxf5 31. Rxb6 Rf1 32. Rb5 $17) 31. Kf4 Kf6 32. Kf3 h5 ({Weaker is} 32... Kxf5 33. Rxf7+ Kg5 34. Rg7+ Kh4 35. Rg2 $17) 33. Kg3 (33. a4 {is a better defense.}) 33... Kxf5 34. Rxf7+ Ke4 {...Rd3+ is the strong threat.} 35. Kh4 Rd2 {[%csl LRa2,LRh2]} 36. Re7+ Kf5 37. h3 Rxa2 38. Kxh5 Ra4 39. Rb7 Rb4 {And now ...a4 would win.} 40. h4 {[%cal Ob7b6]} a4 $2 (40... Kf6 $19 {Hoping for ...a4.} 41. Rb8 a4 42. Rf8+ Ke5 43. Re8+ Kd4) 41. Rb8 $2 {[%mdl 8192] This costs White the game.} (41. Rxb6 $11 a3 42. Rc6) 41... a3 {White must now prevent ...Ra4.} 42. Ra8 {To avoid Ra4} Rxc4 43. Rxa3 b5 44. Rf3+ Rf4 45. Rd3 Ke5 (45... c4 $142 46. Ra3 b4 47. Ra5+ Ke4) 46. Kg5 Rf8 47. Kg6 c4 48. Rd7 b4 (48... c3 $142 49. Rc7 b4) 49. h5 c3 (49... Rc8 $142 50. Re7+ Kd6 51. Re1 c3 52. Rd1+ Ke5 53. Re1+ Kf4 54. Rb1 c2 55. Rf1+ Ke3 56. Kg7 b3 57. Rf7 c1=Q 58. Rb7 Rc7+ 59. Kg6 Rxb7 60. Kf5 Rb5+ 61. Kf6 Qc6+ 62. Kg7 Rb7+ 63. Kh8 Qe8#) 50. h6 c2 {Black mates.} 51. Rc7 b3 52. Kg7 Rb8 53. h7 b2 54. Rxc2 b1=Q 55. Re2+ Kf4 {Weighted Error Value: White=1.00/Black=0.62} 0-1

[Event "MPL-1 Indian Chess Tour 2022"]
[Site "Online"]
[Date "2022.03.27"]
[Round "2.2"]
[White "Gupta, Abhijeet"]
[Black "Gukesh D"]
[Result "0-1"]
[WhiteElo "2628"]
[BlackElo "2614"]
[Annotator "TA"]
[PlyCount "90"]
[EventDate "2022.03.30"]
[EventType "tourn"]
[EventCountry "NET"]
[SourceTitle "playchess.com"]
[Source "ChessBase"]
[SourceQuality "1"]

{[%evp 11,90,12,20,5,25,4,18,-24,16,0,0,-14,-10,-17,8,-16,-12,-18,-12,-4,-14,-17,-14,-47,-52,-44,-43,-35,-29,-39,0,-40,0,-23,14,12,12,12,12,12,18,6,11,0,6,-37,-37,-37,-37,-39,-39,-51,-33,-55,-41,-447,-470,-1487,-644,-769,-762,-772,-767,-739,-739,-810,-793,-1164,-1159,-1152,-1142,-1110,-1077,-1045,-1022,-1016,-1007,-29974,-29975,-6025,-5568]} 1. d4 Nf6 2. Nf3 d5 3. Bf4 c5 4. e3 Nc6 5. Nbd2 Bg4 6. c3 e6 7. h3 {D02: 1 d4 d5 2 Nf3 sidelines, including 2...Nf6 3 g3 and 2...Nf6 3 Bf4.} Bh5 {[%cal Bg4h5,Bh5g6,Bg6e4][%mdl 32]} 8. g4 Bg6 9. Nh4 (9. Qb3 $142 Qc8 10. Nh4) 9... Be4 10. Nhf3 Bg6 11. Bb5 Nd7 12. Qa4 Qc8 {[#]} 13. Ne5 $146 ({Predecessor:} 13. Nh4 a6 14. Bf1 Be7 15. Nxg6 hxg6 16. Bg2 b5 17. Qd1 cxd4 18. exd4 Qd8 19. O-O {1-0 (60) Vavra,P (2350)-Stohl,I (2500) Czech Republic 2019}) 13... Ncxe5 14. Bxe5 a6 15. Bxd7+ Qxd7 16. Qxd7+ Kxd7 17. h4 f6 18. h5 Bd3 19. Bg3 h6 20. f3 b5 21. Kf2 b4 22. cxb4 cxd4 (22... c4 $5 {[%cal Rf8b4]}) 23. Rhc1 Ra7 {To avoid Rc7+} 24. exd4 {[#] aiming for Rc3.} Bxb4 25. Ke3 Bb5 26. Nb3 Bc4 27. Nd2 Bb5 28. a4 (28. a3 $11 {deserves consideration.} Bd6 29. Bxd6 Kxd6 30. Rc5) 28... Bc6 $15 {This bishop pair is nice.} 29. Nb3 Rb7 30. Rc2 Bd6 31. Na5 Bxg3 {Really sharp!} 32. Rxc6 Rxb2 {And now ...Rhb8 would win.} 33. Rxa6 $2 {[%mdl 8192] Loses the game.} (33. Rac1 $15) 33... Rc8 $19 {[%cal Rc8c3] [#]} 34. Ra7+ (34. Ra3 $142 e5 35. Kd3) 34... Rc7 (34... Ke8 $142 35. Nc6 Rxc6 36. Ra8+ Ke7 37. Ra7+ Kd6) 35. Nc6 Kxc6 36. Rc1+ Kd7 37. Rcxc7+ Bxc7 {[%mdl 4096] Endgame KRB-KR} 38. a5 Ra2 39. Ra8 Rxa5 40. Rg8 Ra3+ 41. Ke2 Bf4 {Threatens to win with ...e5.} 42. Rxg7+ Kd6 43. Rg8 Ra2+ 44. Ke1 e5 45. Rg6 Bg5 {Weighted Error Value: White=0.59/Black=0.18 (very precise)} 0-1

[Event "MPL-1 Indian Chess Tour 2022"]
[Site "Online"]
[Date "2022.03.27"]
[Round "2.3"]
[White "Iniyan, P."]
[Black "Aryan Chopra"]
[Result "1/2-1/2"]
[WhiteElo "2516"]
[BlackElo "2585"]
[Annotator "TA"]
[PlyCount "75"]
[EventDate "2022.03.30"]
[EventType "tourn"]
[EventCountry "NET"]
[SourceTitle "playchess.com"]
[Source "ChessBase"]
[SourceQuality "1"]

{[%evp 34,75,0,-8,-8,-8,-8,-8,-8,-8,-8,-8,-8,-12,-10,-21,-25,-25,-14,-11,0,0,0,0,0,0,0,0,0,0,0,0,0,0,0,0,0,0,0,0,0,0,0,0]} 1. e4 {ChessBase II} c6 2. d4 d5 3. exd5 cxd5 4. c4 Nf6 5. Nc3 Nc6 6. Nf3 Bg4 7. cxd5 Nxd5 8. Qb3 Bxf3 9. gxf3 e6 10. Qxb7 Nxd4 11. Bb5+ Nxb5 12. Qc6+ Ke7 {[%cal Be8e7,Be7e6,Be6d6][%mdl 32]} 13. Qxb5 Qd7 14. Nxd5+ Qxd5 15. Qxd5 exd5 16. Be3 Ke6 17. O-O-O Bb4 18. a3 Rhc8+ {B13: Caro-Kann: Exchange Variation and Panov-Botvinnik Attack.} 19. Kb1 Bc5 20. Rhe1 {[#] Bxc5+ is the strong threat.} Bxe3 21. Rxe3+ $11 {[%mdl 4096] Endgame KRR-KRR} Kd6 22. Red3 Rc5 23. Rd4 a5 {[#]} 24. Rh4 $146 ({Predecessor:} 24. b4 axb4 25. axb4 Rb5 26. Kb2 Re8 27. Kb3 Re2 28. Ka4 Kc6 29. Rc1+ Kb6 30. Rf4 {½-½ (37) Sengupta,D (2496)-Das,A (2419) Metz 2010 CBM 136 Extra [ChessBase II]}) 24... h6 25. Rg1 g6 26. Rxh6 {The position is equal.} Re8 27. Rh7 Rc7 28. Rc1 Rxc1+ 29. Kxc1 {KR-KR} Re2 30. Rxf7 Rxf2 31. h4 Kc5 32. Rg7 Rxf3 33. Rxg6 Rh3 34. Ra6 Kb5 35. Rd6 Kc5 36. Ra6 Kb5 37. Rd6 Kc5 38. Ra6 {A rather calm draw.  Weighted Error Value: White=0.02 (flawless) /Black=0.01 (flawless)} 1/2-1/2

[Event "MPL-1 Indian Chess Tour 2022"]
[Site "Online"]
[Date "2022.03.27"]
[Round "2.4"]
[White "Lalith Babu M R"]
[Black "Karthikeyan, Murali"]
[Result "1/2-1/2"]
[WhiteElo "2563"]
[BlackElo "2622"]
[Annotator "TA"]
[PlyCount "116"]
[EventDate "2022.03.30"]
[EventType "tourn"]
[EventCountry "NET"]
[SourceTitle "playchess.com"]
[Source "ChessBase"]
[SourceQuality "1"]

{[%evp 9,116,27,33,21,33,33,29,30,27,21,26,22,28,16,17,0,0,-47,-50,-43,-46,-57,-52,-92,-93,-106,-106,-118,-103,-104,-88,-93,-44,-44,-25,-31,-31,-60,-36,-53,-54,-54,-62,-54,-39,-51,-16,-31,-17,-10,-21,-25,-6,-32,0,0,0,-27,0,0,0,0,0,-20,0,0,0,0,0,0,0,0,0,-68,0,0,0,-49,0,0,28,0,24,33,39,35,35,0,0,0,0,0,0,0,0,0,0,0,0,0,0,0,0,0,0,0,0,0,0]} 1. d4 Nf6 2. Nf3 d5 3. c4 e6 4. Nc3 Ne4 5. Qc2 Nxc3 6. Qxc3 {D37: Queen's Gambit Declined: 5 Bf4.} a5 7. Bg5 f6 8. Bd2 {White has an edge.} Bb4 {[#]} 9. Qc2 $146 ({Predecessor:} 9. Qb3 Bxd2+ 10. Nxd2 a4 11. Qc2 c6 12. e4 dxe4 13. Qxe4 O-O 14. Bd3 f5 15. Qe3 {0-1 (46) Naumkin,I (2211)-Basso,P (2566) Novi Sad 2021}) 9... Bxd2+ 10. Nxd2 Nc6 11. e3 e5 12. dxe5 d4 $1 13. a3 (13. O-O-O $11) 13... dxe3 $15 14. fxe3 Nxe5 15. O-O-O Qe7 16. Qc3 Bg4 17. Re1 O-O 18. Be2 Rfd8 19. Nf3 Nc6 {[%cal Oc6b4] And now ...Nb4! would win.} (19... Nd7 {is more complex.} 20. Bd3 Nc5 21. Bb1 a4 22. Nd4 Qe5) 20. Nd4 {[#] Strongly threatening Nxc6.} Nxd4 ({Much less strong is} 20... Rxd4 21. exd4 Bxe2 22. d5 $14) (20... Nb4 $1 $17 {[%cal Rb4a2]} 21. axb4 Bxe2 22. bxa5 (22. Rxe2 $2 axb4 23. Qe1 Ra1+ 24. Kd2 Rxe1 $19) 22... Bh5) 21. Bxg4 Nc6 {[%cal Oc6b4] White must now prevent ...Nb4!} 22. Rd1 Ne5 23. Be2 b6 24. Rd4 c5 25. Rd5 Rxd5 26. cxd5 Rd8 27. Rd1 Rd6 28. h3 Qf7 29. e4 Qg6 {[%csl LRe4,LRg2]} 30. Bf3 Qe8 31. Be2 a4 32. Qe3 Rd8 33. Kb1 Rd6 (33... Nf7 $5 {[%cal Rf7d6]}) 34. g3 c4 35. Qd4 b5 36. Qc5 Qd7 37. g4 Nf7 38. h4 {[%cal Og4g5]} Qe8 39. Qd4 {[%cal Og4g5]} Qe7 40. Rf1 {[%cal Og4g5]} h6 {To avoid g5} 41. Bd1 ({Better is} 41. Re1 $11) 41... g5 (41... Rd8 $1 $15) 42. hxg5 $11 hxg5 43. Rh1 (43. Bc2 $11 {should be considered.}) 43... Kg7 (43... Qe5 $1 $15 {is superior.} 44. Qxe5 fxe5) 44. Bc2 Rd8 45. Qb6 {[%cal Oe4e5] Threatens to win with e5!} (45. e5 $5 Qxe5 46. Rh7+ Kg8 47. Qa7 $14) 45... Ne5 46. Qxb5 c3 $1 47. Qxa4 {aiming for b4.} cxb2 48. Qb4 Qc7 {The position is equal.} 49. Qb3 Rc8 50. d6 {Chess con chili.} ({Not} 50. Kxb2 $2 Rb8 51. Rh3 Rxb3+ 52. Rxb3 Nxg4 $19) ({Avoid the trap} 50. Qxb2 $2 Nc4 51. e5 Nxb2 $19) 50... Qxd6 {...Qc5 is the strong threat.} 51. Qb7+ Qc7 52. Qxc7+ Rxc7 53. Kxb2 {[%mdl 4096] Endgame KRB-KRN} Rc5 54. Rg1 Nc4+ 55. Kb3 Nd2+ 56. Kb2 Nc4+ 57. Kb3 Nd2+ 58. Kb2 Nc4+ {Weighted Error Value: White=0.11 (very precise) /Black=0.09 (flawless)} 1/2-1/2

[Event "MPL-1 Indian Chess Tour 2022"]
[Site "Online"]
[Date "2022.03.27"]
[Round "2.5"]
[White "Puranik, Abhimanyu"]
[Black "Narayanan.S.L"]
[Result "1/2-1/2"]
[WhiteElo "2618"]
[BlackElo "2658"]
[Annotator "TA"]
[PlyCount "53"]
[EventDate "2022.03.30"]
[EventType "tourn"]
[EventCountry "NET"]
[SourceTitle "playchess.com"]
[Source "ChessBase"]
[SourceQuality "1"]

{[%evp 12,53,46,36,38,31,36,27,28,30,22,14,25,4,17,0,0,0,0,0,0,0,0,0,0,0,0,0,0,0,0,0,0,0,0,0,0,0,0,0,0,0,0,0]} 1. e4 e5 2. Nf3 Nc6 3. Bb5 a6 4. Ba4 Nf6 5. O-O b5 6. Bb3 Bc5 7. a4 $1 {[%mdl 4] aiming for axb5. outshines the older 7.c3.} Rb8 {[#] C78: Ruy Lopez: Archangelsk and Möller Defences.} (7... Nxe4 $2 8. axb5 Nxf2 9. Qe2 $18 (9. Rxf2 Bxf2+ 10. Kxf2 Nd4 $16)) 8. Nxe5 $1 Nxe5 9. d4 Bxd4 {White has an edge.} 10. Qxd4 d6 11. axb5 axb5 12. f4 Nc6 {[%cal Be5c6,Bc6e7,Be7d5][%mdl 32] The position is equal.} 13. Qc3 Ne7 14. Ra7 c5 15. e5 Nfd5 16. Bxd5 ({But not} 16. Qg3 c4 17. Ba2 (17. Qxg7 $2 Rg8 $19) 17... Qb6+ 18. Qf2 Qxf2+ 19. Rxf2 Nc6 $17) 16... Nxd5 17. Qf3 Qb6 18. Rxf7 Kxf7 19. Qxd5+ Be6 20. Qd1 Bf5 21. Qd5+ ({Much worse is} 21. exd6 c4+ 22. Kh1 Qc6 $15) 21... Be6 22. Qd1 {[#] Black must now prevent f5.} c4+ 23. Kh1 {Hoping for f5.} Bf5 $1 24. Qd5+ Be6 25. Qd1 {Strongly threatening f5.} Bf5 $1 {[#]} 26. Qd5+ $146 ({Predecessor:} 26. Nc3 Rhf8 27. Nd5 Qd8 28. e6+ Kxe6 29. Re1+ Kf7 30. Ne7 Qxe7 31. Qh5+ Bg6 32. Qd5+ Ke8 33. Rxe7+ Kxe7 34. g4 Bxc2 35. f5 Kd7 36. Bf4 Rb6 37. Qe6+ Kd8 38. Bg5+ {1-0 (34) Sevian,S (2484)-Ashwin,J (2442) Saint Louis 2014}) 26... Be6 27. Qd1 {Weighted Error Value: White=0.03 (flawless) /Black=0.00 (flawless)} 1/2-1/2

[Event "MPL-1 Indian Chess Tour 2022"]
[Site "Online"]
[Date "2022.03.27"]
[Round "2.6"]
[White "Sankalp Gupta"]
[Black "Mendonca, Leon Luke"]
[Result "0-1"]
[WhiteElo "2536"]
[BlackElo "2536"]
[Annotator "TA"]
[PlyCount "114"]
[EventDate "2022.03.30"]
[EventType "tourn"]
[EventCountry "NET"]
[SourceTitle "playchess.com"]
[Source "ChessBase"]
[SourceQuality "1"]

{[%evp 13,114,15,12,0,0,0,0,0,0,0,8,0,0,0,33,0,-11,0,0,-2,0,0,0,-20,0,0,0,0,0,0,0,0,8,0,0,0,-35,-16,-9,-26,-27,-25,-29,-29,-30,-97,-11,-14,0,-30,-42,-37,-20,-176,-187,-172,-170,-221,-226,-285,-294,-370,-370,-370,-338,-314,-195,-272,-268,-248,0,0,0,0,0,-309,-325,-319,-253,-493,-435,-829,-854,-703,-655,-1000,-976,-1609,-1524,-1403,-1512,-12845,-2802,-12845,-12845,-12845,-12846,-12846,-12847,-12848,-12848,-12850,-12850]} 1. e4 c5 2. Nf3 d6 3. d4 cxd4 4. Nxd4 Nf6 5. Nc3 a6 6. Be3 e5 7. Nf3 {[%cal Bd4f3,Bf3d2,Bd2c4][%mdl 32]} Be7 8. Nd2 {B90: Sicilian Najdorf: Unusual White 6th moves, 6 Be3 Ng4 and 6 Be3 e5.} b5 {Inhibits Nc4.} 9. a4 b4 10. Nd5 {The position is equal.} Nxd5 11. exd5 O-O 12. Nc4 Nd7 {Prevents Nb6.} 13. a5 f5 14. f3 (14. Bd2 $5 {[%cal Rd2b4]}) 14... Rb8 {[%cal Ba8b8,Bb8b7,Bb7c7][%mdl 32]} 15. Ba7 Rb7 16. Bf2 e4 17. Be2 exf3 {[#]} 18. Bxf3 $146 ({Predecessor:} 18. gxf3 Bh4 19. Nxd6 Bxf2+ 20. Kxf2 Qh4+ 21. Kg2 Rf6 22. Nxb7 Rg6+ 23. Kf1 Qh3+ 24. Kf2 Qh4+ 25. Kf1 {½-½ (25) Moriarty,A (2276)-Kamanel Zamora,J (2286) ICCF email 2019}) 18... Rc7 19. Be2 Ne5 20. Nxe5 dxe5 21. Bb6 Bd6 22. Qd3 e4 23. Qb3 Qe7 24. Bxc7 Qxc7 25. Qc4 Qd8 {Black wants to play ...Qh4+.} 26. O-O-O Qxa5 27. Kb1 {Prevents Qa1+.} Bd7 {Inhibits Qc6. Hoping for ...Bb5.} 28. Qxa6 Qc5 29. Qc4 {[#]} (29. Rd4 $1 $11) 29... Qa7 {Black is more active.} (29... Qf2 $1 $17 {Threatens to win with ...Ra8.} 30. Qa6 Rc8) 30. Qa6 $11 Qc5 31. Rd4 Qxd4 $40 {[%mdl 128] White needs to defend precisely.} 32. Qxd6 Qa7 (32... Qe3 {seems wilder.} 33. Bc4 Qa7 34. Qxb4 Ra8 35. d6+ Kf8) 33. Qa6 $2 (33. Qxb4 $11 {and White stays safe.} Qf2 34. Bc4) 33... Qxa6 $19 34. Bxa6 {[%mdl 4096] Endgame KRB-KRB} Kf7 35. Rd1 (35. Bc4 {keeps fighting.}) 35... Kf6 36. c4 bxc3 37. bxc3 Ke5 38. Be2 f4 39. c4 Rc8 40. Kb2 (40. h4 {might work better.}) 40... g5 41. h3 Kd6 $2 ({Black should play} 41... Rb8+ $19 42. Kc3 Ba4) 42. Kc3 $11 Ke5 43. d6 Bc6 {To avoid Rd5+} 44. Kb4 $2 {[%mdl 8192]} (44. d7 $2 Rd8 45. Ra1 (45. Bg4 $2 h5 $19) 45... f3 46. gxf3 exf3 $19) (44. Bg4 $11 Rh8 45. Bh5 (45. d7 Rd8 $17)) 44... f3 $19 45. gxf3 exf3 46. Bf1 (46. Bd3 {was necessary.} h5 47. Bg6) 46... h5 {[%cal Bh7h5,Bh5g4,Bg4g3,Bg3g2][%mdl 32] And now ...g4 would win. Black is clearly winning.} 47. Ka5 ({Reject} 47. d7 Rd8 48. Re1+ Kf4 $19) (47. c5 $142 g4 48. d7) 47... g4 {White must now prevent ...g3.} 48. hxg4 hxg4 49. Kb6 Bd7 {Strongly threatening ...g3.} 50. Kb7 g3 51. Rd2 Rg8 {...g2 is the strong threat.} ({Not} 51... g2 52. Bxg2 fxg2 53. Rxg2 $15) 52. Kc7 {[#]} Rg7 (52... g2 $142 $1 53. Bxg2 (53. Rd5+ Ke4) 53... Rxg2) 53. Kd8 Be6 54. Rd1 g2 55. Re1+ Kxd6 {[%cal Rg7g8]} 56. Rd1+ Kc5 57. Bxg2 fxg2 {Weighted Error Value: White=0.72/Black=0.25 (precise)} 0-1